000 00554 a2200241 4500
260 _aParis
630 _a33 - Economie. Economie politique
037 _b1, Achat
650 _a3 - SCIENCES SOCIALES
100 _aRapin, A.
700 _aPoly, J.
260 _bDunod
245 _aComptabilité analytique d'exploitation
300 _a211 p.
650 _aEconomie politique : comptabilité
260 _c1972
300 _b25 cm
100 _lFr
037 _a13826
650 _aComptabilité analytique
999 _c38494
_d38494